|
|
|
|
| LEADER |
01068nam a2200301 a 4500 |
| 001 |
4552909 |
| 008 |
090907s1972 nyua bs 001 0 eng d |
| 010 |
|
|
|a \\\72089172
|
| 020 |
|
|
|a 060903341
|
| 020 |
|
|
|a 0465032648
|
| 040 |
|
|
|a DLC
|c DLC
|d DLC
|
| 082 |
0 |
0 |
|a 370.19/3/0973
|2 18
|
| 100 |
1 |
|
|a Jencks, Christopher.
|
| 245 |
1 |
0 |
|a Inequality :
|b a reassessment of the effect of family and schooling in America /
|c by Christopher Jencks [et al...]
|
| 260 |
|
|
|a New York :
|b Basic Books,
|c 1972
|
| 300 |
|
|
|a xii, 399 p. :
|b illus. ;
|c 25 cm.
|
| 504 |
|
|
|a Bibliography: p. 359-381.
|
| 541 |
1 |
|
|e 00011227
|
| 650 |
|
0 |
|a Educational sociology
|z United States.
|
| 700 |
1 |
|
|a Acland, Henry.
|
| 700 |
1 |
|
|a Bane, Mary Jo.
|
| 700 |
1 |
|
|a Cohen, David.
|
| 700 |
1 |
|
|a Gintis, Herbert.
|
| 700 |
1 |
|
|a Barbara, Heyns.
|
| 700 |
1 |
|
|a Stephan, Michelson.
|
| 852 |
4 |
|
|a Ayesha Abed Library
|j General shelf
|
| 999 |
|
|
|c 8425
|d 8425
|
| 952 |
|
|
|0 0
|1 0
|2 ddc
|4 0
|6 370_193097300000000_JEN_1972
|7 0
|9 9849
|a BRACUL
|b BRACUL
|c GEN
|d 2010-05-06
|l 0
|o 370.1930973 JEN
|p 3010011227
|r 2010-05-06
|t 1
|w 2010-05-06
|y BK
|